Trala Trellew. Traiciones. Versión bilingüe
Spremljeno u:
| Glavni autor: | |
|---|---|
| Format: | Knjiga |
| Jezik: | engleski španjolski |
| Izdano: |
Valparaíso, Chile
Instituto de Arte UCV
2000
|
| Serija: | Cuadernos del Instituto de Arte.
8 |
| Teme: | |
| Oznake: |
Dodaj oznaku
Bez oznaka, Budi prvi tko označuje ovaj zapis!
|
MARC
| LEADER | 00000nam a2200000 a 4500 | ||
|---|---|---|---|
| 001 | UCJ8036 | ||
| 003 | CL-VaPUC | ||
| 005 | 20230718160220.0 | ||
| 008 | 070124e20000000CL |||||||||||||||||eng|d | ||
| 999 | |c 323895 |d 323893 | ||
| 040 | |c Pontificia Universidad Católica de Valparaíso | ||
| 041 | 0 | 7 | |a eng |2 CL-VaPUC |
| 041 | 0 | 7 | |a spa |2 CL-VaPUC |
| 082 | 0 | 4 | |a 811 BOU 2000 |2 21 |
| 100 | 0 | |a Boulting, Jonathan |9 516753 | |
| 245 | 1 | 0 | |a Trala Trellew. Traiciones. Versión bilingüe |
| 260 | 0 | 3 | |a Valparaíso, Chile |b Instituto de Arte UCV |c 2000 |
| 300 | |a 66 páginas | ||
| 490 | 0 | |a Cuadernos del Instituto de Arte. |v 8 | |
| 583 | |a last modification |c 20070124 00:00:00 |k Rodrigo Vera | ||
| 650 | 0 | |a Poesía inglesa |9 264944 | |
| 650 | 0 | |a Crítica e interpretación |9 255042 | |
| 650 | 0 | |a Académicos |x Pontificia Universidad Católica de Valparaíso (PUCV) |9 255553 | |
| 942 | |c BK |2 ddc | ||
| 945 | |d 20070124 00:00:00 |a rinostro | ||
| 952 | |0 0 |1 0 |2 ddc |4 0 |6 811_000000000000000_BOU_2000 |7 0 |8 X |9 403736 |a FDOBUD |b FDOBUD |d 2019-11-22 |i 1071890 |o 811 BOU 2000 |p 1071890 |r 2019-11-22 |t 1 |w 2019-11-22 |y BK_X |k BUD | ||